header

Global fundraising (Record no. 73008)

MARC details
000 -LEADER
fixed length control field 01606nam a2200349 a 4500
082 04 - DEWEY DECIMAL CLASSIFICATION NUMBER
Classification number 361.7
100 1# - MAIN ENTRY--AUTHOR NAME
Personal name Cagney, Penelope,
245 10 - TITLE STATEMENT
Title Global fundraising
260 ## - PUBLICATION, DISTRIBUTION, ETC. (IMPRINT)
Place of publication Hoboken :
Name of publisher Wiley,
Year of publication 2013.
300 ## - PHYSICAL DESCRIPTION
Number of Pages xxi, 394 p. :
Other physical details ill.
500 ## - GENERAL NOTE
General note Includes index.
505 0# - FORMATTED CONTENTS NOTE
Formatted contents note Foreword / By Andrew Watt, President & CEO, AFP International Acknowledgments -- Introduction to global giving / by Penelope Cagney and Bernard Ross -- An overview of giving by region -- China / by Lu Bo and Nan Fang -- Japan / by Masataka Uo -- Latin America / by Norma GalafassI -- About the editors -- About the contributors -- Index.
650 #0 - SUBJECT ADDED ENTRY--TOPICAL TERM
Topical Term Charities.
Topical Term Globalization.
700 1# - ADDED ENTRY--PERSONAL NAME
Personal name Ross, Bernard,
856 40 - ELECTRONIC LOCATION AND ACCESS
Uniform Resource Identifier http://site.ebrary.com/lib/rucke/Doc?id=10665972

No items available.

© 2026 Rongo University
Contact us: librarian | system librarian | Rongo university